Completa il testo! - Il bevitore longevo - Statistics

Statistiche generali
  • Questo quiz è stato fatto 7 volte
  • Il punteggio medio è 224 su 481
Statistiche sulle risposte
Testo % Corretto
A
100%
Di
100%
È
100%
E
100%
I
100%
Il
100%
In
100%
La
100%
Lo
100%
Per
100%
Un
100%
Uno
100%
Al
75%
Alla
75%
Amici
75%
Astemi
75%
Bevitore
75%
Cazzo
75%
Che
75%
Crisantemi
75%
Guardatelo
75%
Ha
75%
Le
75%
Li
75%
Longevo
75%
Ma
75%
Mi
75%
Paonazzo
75%
Portato
75%
Quanti
75%
Ridevano
75%
Se
75%
Seppelliti
75%
Suo
75%
Suoi
75%
Tutti
75%
Volta
75%
Ah
50%
Canzonetta
50%
Con
50%
Da
50%
Del
50%
Dottore
50%
Forlimpopoli
50%
Gli
50%
No
50%
Non
50%
Paese
50%
Questa
50%
Questo
50%
Si
50%
Tabaccaio
50%
Ti
50%
Una
50%
Barista
25%
C'è
25%
Ci
25%
Come
25%
Dei
25%
Diceva
25%
Era
25%
Funerale
25%
Furono
25%
Ho
25%
Io
25%
Lui
25%
Male
25%
Me
25%
Moglie
25%
Niente
25%
Povero
25%
Prima
25%
Provato
25%
Ricco
25%
Sbronzo
25%
Stecche
25%
Vista
25%
Alle
0%
Almeno
0%
Altri
0%
Amasse
0%
Amore
0%
Andava
0%
Anni
0%
Arrestava
0%
Attore
0%
Aveva
0%
Banditi
0%
Bello
0%
Bene
0%
Betlemme
0%
Bevo
0%
Bicchieri
0%
Birra
0%
Brutta
0%
Cadde
0%
Camion
0%
Cane
0%
Cantina
0%
Capo
0%
Cappello
0%
Casa
0%
Caso
0%
Cazzi
0%
Cento
0%
Chiesto
0%
Chiunque
0%
Col
0%
Compiuto
0%
Condotta
0%
Corridore
0%
Cugino
0%
Dalle
0%
Damigiane
0%
Dentro
0%
D'imbecille
0%
Dire
0%
Disse
0%
Due
0%
Durante
0%
Essere
0%
Faccio
0%
Faceva
0%
Fatto
0%
Febbre
0%
Fedelissimo
0%
Film
0%
Fino
0%
Forse
0%
Fratello
0%
Freddo
0%
Fumare
0%
Fumò
0%
Fumo
0%
Giorni
0%
Giorno
0%
Hai
0%
Ieri
0%
Inciampò
0%
Incidente
0%
Indovinate
0%
Inseguendo
0%
Intransigente
0%
Lacrimando
0%
L'altro
0%
Lasciò
0%
Lavoro
0%
Liquore
0%
Maresciallo
0%
Marlboro
0%
Messe
0%
Miei
0%
Miglior
0%
Mirra
0%
Molto
0%
Morto
0%
Ne
0%
Negozio
0%
Offese
0%
Ogni
0%
Ora
0%
Otto
0%
Pacchetti
0%
Pago
0%
Parve
0%
Passiti
0%
Passò
0%
Penne
0%
Perlomeno
0%
Permaloso
0%
Permanente
0%
Persero
0%
Piedi
0%
Pipa
0%
Porno
0%
Poveretto
0%
Presenziava
0%
Prete
0%
Punita
0%
Puoi
0%
Quando
0%
Quattro
0%
Rabboccando
0%
Rapina
0%
Razza
0%
Redarguiva
0%
Rigore
0%
Rimase
0%
Rimproverava
0%
Rispondeva
0%
Risposto
0%
Sacrosanto
0%
Sangue
0%
Sano
0%
Sbaglio
0%
Scaffale
0%
Scintille
0%
Scomparsa
0%
Secco
0%
Seduto
0%
Sei
0%
Sicuro
0%
Signore
0%
Solo
0%
Son
0%
Sopra
0%
Sorso
0%
Sotto
0%
Spesso
0%
Spiaccicato
0%
Sta
0%
Stesso
0%
Storto
0%
Strano
0%
Sua
0%
Tanto
0%
Torna
0%
Trattava
0%
Tre
0%
Tristezza
0%
Tua
0%
Ubriaco
0%
Uomo
0%
Velenoso
0%
Verrà
0%
Vita
0%
Whisky
0%
Nessun quiz corrispondente trovato
Distribuzione punteggi
Percentuale di utenti per punteggio
Percentile per numero di risposta
I tuoi punteggi nel tempo
Non hai fatto questo quiz